000 01309cam a2200301 a 4500
005 20260322212018.0
008 data
010 _a 2009009002
020 _a9780486474007
020 _a0486474003
040 _aDLC
_cDLC
_dDLC
_dBTCTA
_dYDXCP
_dDLC
050 0 0 _aNC730
_b.Z35 2009
082 0 0 _a741.2
_222
092 _a741.2 Zai 2009
100 1 _aZaidenberg, Arthur,
_d1908-1990.
240 1 0 _aDraw anything book
245 1 0 _aDraw anything /
_cArthur Zaidenberg.
250 _aDover ed.
260 _aMineola, N.Y. :
_bDover Publications,
_c2009.
300 _a1 v. (unpaged) :
_bchiefly ill. ;
_c28 cm.
500 _aOriginally published: The draw anything book. New York : Harper & Brothers, 1950.
650 0 _aDrawing
_xStudy and teaching.
856 4 2 _3Publisher description
_uhttp://www.loc.gov/catdir/enhancements/fy1004/2009009002-d.html
906 _a7
_bcbc
_corignew
_d1
_eecip
_f20
_gy-gencatlg
925 0 _aacquire
_b1 shelf copy
_xpolicy default
955 _erc14 2009-03-03/rc15 to Dewey
_fre13 2009-11-30 Z-CipVer Copy 1 Barcode 00240213692 to BCCD
001 data
999 _c410
_d410